Realidad psicométrica nacional dentro de la administración de personal /
Đã lưu trong:
| Tác giả chính: | |
|---|---|
| Tác giả khác: | , |
| Định dạng: | Sách |
| Ngôn ngữ: | Spanish |
| Những chủ đề: | |
| Các nhãn: |
Thêm thẻ
Không có thẻ, Là người đầu tiên thẻ bản ghi này!
|
MARC
| LEADER | 00000nam a22000007a 4500 | ||
|---|---|---|---|
| 003 | cru IIS | ||
| 005 | 20231020062559.0 | ||
| 007 | ta | ||
| 008 | 220801b |||||||| |||| 00| 0 spa d | ||
| 040 | |c cru IIS | ||
| 100 | 1 | |9 10462 |a Brenes Castro, Abelardo |e Autor | |
| 245 | 1 | |a Realidad psicométrica nacional dentro de la administración de personal / |c Abelardo Brenes Castro, María Luisa Cruz Arana, Oscar Sánchez Chaves | |
| 300 | |a 107 páginas : |b tablas | ||
| 500 | |a Colección Centroamérica | ||
| 650 | 0 | |a PSICOLOGIA |9 3105 | |
| 650 | 0 | |9 3107 |a PRUEBAS | |
| 651 | 0 | |9 32 |a COSTA RICA | |
| 700 | 1 | |9 10645 |a Cruz Arana, María Luisa |e Autora | |
| 700 | 1 | |9 10644 |a Sánchez Chaves, Oscar |e Autor | |
| 773 | 0 | |0 18811 |9 3259 |a Universidad de Costa Rica. Instituto de Investigaciones en Psicología |d San José, C.R.: Editorial de la UCR |o 03669 |t Actualidades en Psicología / | |
| 942 | |2 ddc |c PP | ||
| 999 | |c 44456 |d 44456 | ||
